000 01428nam a2200241Ia 4500
003 Ost
005 20260507075543.0
008 260507s9999||||xx |||||||||||||| ||und||
020 _a9774081390
040 _cfsecg
041 _aara
082 _a350.177
100 _aماير، روبرت
_eمؤلف
245 0 _aإدارة المواجهة /
_c روبرت ماير
246 _aHow to Win any Argument
260 _aالجيزة:
_bدار الفاروق للنشر والتوزيع,
_c2006
300 _a232 صفحة؛
_bإيضاحات ؛
_c24 سم
490 _aسلسلة مهارات الادارة الحديثة
520 _aيضم التحكم التام في المشاعر والإنفعالات، الوصول إلى نقطة اتفاق، المصداقية واللمسات الإنسانية للوصول لنقطة اتفاق، سبل اقناع الطرف الآخر، نحو خطاب جدلي محكم صعب التنفيذ، ذخيرتك من الكلمات والعبارات المؤثرة منطقيا، العلاقة بين الإحتياجات العطفية والخطاب الجدلي، سبل إدارة العقبات والأزمات، صياغة الخطاب الجدلي الشفهي، عرض الخطاب الجدلي بين أروقة الإجتماعات
653 _aالإدارة- العلاقات الإجتماعية
653 _aحق الإجتماع
942 _cكتاب
999 _c44876
_d44876